| 000 -LEADER |
| fixed length control field |
00969nam a2200229Ia 4500 |
| 001 - CONTROL NUMBER |
| control field |
10326 |
| 003 - CONTROL NUMBER IDENTIFIER |
| control field |
GE_BSU |
| 008 - FIXED-LENGTH DATA ELEMENTS--GENERAL INFORMATION |
| fixed length control field |
181216s||||||||xx |||||||||||||| ||und|| |
| 040 ## - CATALOGING SOURCE |
| Transcribing agency |
GE_BSU |
| 080 ## - UNIVERSAL DECIMAL CLASSIFICATION NUMBER |
| Universal Decimal Classification number |
821.353.1+821.353.1-31+821.353.1-32+821.353.1-83 |
| 100 ## - MAIN ENTRY--PERSONAL NAME |
| Personal name |
ფანჯიკიძე,გურამ |
| 245 ## - TITLE STATEMENT |
| Title |
რჩეული თხზულებანი სამ ტომად. ტ.2 |
| 245 ## - TITLE STATEMENT |
| Remainder of title |
რომანი,მოთხრობები,დიალოგები |
| 245 ## - TITLE STATEMENT |
| Statement of responsibility, etc. |
რედ.იორამ ქემერტელიძე;მხატვ.ლაშა ფანჯიკიძე |
| 260 ## - PUBLICATION, DISTRIBUTION, ETC. |
| Place of publication, distribution, etc. |
თბილისი |
| 260 ## - PUBLICATION, DISTRIBUTION, ETC. |
| Name of publisher, distributor, etc. |
საბჭოთა საქართველო |
| 260 ## - PUBLICATION, DISTRIBUTION, ETC. |
| Date of publication, distribution, etc. |
1986 |
| 300 ## - PHYSICAL DESCRIPTION |
| Extent |
604გვ.ილ.22სმ. |
| 653 ## - INDEX TERM--UNCONTROLLED |
| Uncontrolled term |
რომანი,მოთხრობები,დიალოგები |
| 653 ## - INDEX TERM--UNCONTROLLED |
| Uncontrolled term |
რჩეული თხზულებანი |
| 942 ## - ADDED ENTRY ELEMENTS (KOHA) |
| Koha item type |
წიგნი |